000 00721nam a2200229 u 4500
005 20220610063721.0
008 090521s2002 mx r 000 0 spa d
020 _a9681667247
035 _aUPN01000170564
049 _aI
050 4 _aPZ74.1
_bT4.2
100 1 _aTeisson, Janine
245 1 0 _aCinema Lux /
_cJanine Teisson ; il. Uwe Lehmann ; tr. Diana Luz Sánchez.
260 _aMéxico :
_bFCE,
_c2002.
300 _a79 p.
440 0 _aA la orilla del viento ;
_v161.
_pPara los que leen bien
534 _pTraducción de:
_tAu Cinéma Lux
650 7 _aLiteratura juvenil francesa
_2
_912358
650 4 _aCEGUERA -
_vLITERATURA INFANTIL
_912218
650 0 _aAmor en la literatura
_94325
905 _aInfantil
999 _c142669
_d142669